| 000 | 00584nam a22001937a 4500 | ||
|---|---|---|---|
| 005 | 20251108170006.0 | ||
| 008 | 250721s2001 xx 000 0 ara d | ||
| 082 | 1 | 4 | _aط/ق/عمر |
| 100 | 1 | _aعمر، عزت | |
| 245 | 1 | 0 | _aعلى شاطىء أبو ظبي / |
| 264 | 1 |
_aعمان : _bمؤسسة عمون، _c2001. |
|
| 300 | _a51ص | ||
| 490 | 0 | _aروايات غسان الناشئة | |
| 650 | 1 | 7 | _aالإمارات العربية المتحدة |
| 650 | 1 | 7 | _aالسفر |
| 653 | _aاطفال مرحلة متوسطة (6-9) سنوات | ||
| 942 |
_2ddc _cBK |
||
| 999 |
_c36834 _d36834 |
||